00874 2200205 4500001002100000005001500021035002000036008004100056245003600097100001600133250000600149260003800155300001200193084001400205082000800219650001000227520040700237990001200644990001200656INLIS00000000000130520240521092912 a0010-0524000540240521 1 ind 1 aShattered Trident /cLarry Bond aBond, Larry a1 aYogyakarta :bSheila/ Andi,c2012 a520 hlm a813 LAR s a813 4aFiksi aSaat tertinggal jauh dari kapal selam nuklir Cina,Jerry Mitchell, Kappen USS North Dakota,terkejut melihat kapal perang Cina menorpedo kapal dagang Vietnam. Tindakan agresi yang terang-terangan ini melalui sebuah perang terbuka.AS terkejut dan dengan cepat.Segera melibatkan semua negara di pasifik barat.Negara-negara yang terika bersama dalam aliansi pesisir ini memulai kampanye kapal selam rahasia. a0741452 a0741453